[Event "Porto Carras op 4th"]
[Site "Porto Carras"]
[Date "2009.07.24"]
[Round "8"]
[White "Andreou, Andreas"]
[Black "Pavlidis, Anastasios"]
[Result "1/2-1/2"]
[WhiteElo "2214"]
[BlackElo "2348"]
[PlyCount "35"]
[EventDate "2009.07.18"]
[EventType "swiss"]
[EventRounds "9"]
[EventCountry "GRE"]
[SourceTitle "CBM 131 Extra"]
[Source "ChessBase"]
[SourceDate "2009.09.03"]
[SourceVersion "2"]
[SourceVersionDate "2009.09.16"]
[SourceQuality "1"]

1. e4 c5 2. Nf3 d6 3. d4 cxd4 4. Nxd4 Nf6 5. Nc3 g6 6. Be3 Bg7 7. f3 0-0 8. Qd2 Nc6 9. 0-0-0 d5 10. Kb1 Rb8 11. Ndb5 a6 12. Na7 e6 13. g4 Bd7 14. g5 d4 15. gxf6 dxe3 16. Qxe3 Bxf6 17. Nxc6 bxc6 18. e5 1/2-1/2

[Event "Porto Carras op 4th"]
[Site "Porto Carras"]
[Date "2009.07.23"]
[Round "7"]
[White "Hadzimanolis, Antonios"]
[Black "Andreou, Andreas"]
[Result "1/2-1/2"]
[WhiteElo "2296"]
[BlackElo "2214"]
[PlyCount "93"]
[EventDate "2009.07.18"]
[EventType "swiss"]
[EventRounds "9"]
[EventCountry "GRE"]
[SourceTitle "CBM 131 Extra"]
[Source "ChessBase"]
[SourceDate "2009.09.03"]
[SourceVersion "2"]
[SourceVersionDate "2009.09.16"]
[SourceQuality "1"]

1. e4 c5 2. c3 Nf6 3. e5 Nd5 4. d4 cxd4 5. cxd4 d6 6. Nf3 Nc6 7. Bc4 Nb6 8. Bb3 d5 9. 0-0 Bg4 10. h3 Bxf3 11. gxf3 Qd7 12. Kh2 f6 13. f4 0-0-0 14. Nc3 g5 15. Na4 e6 16. exf6 Bd6 17. Qg4 Nxd4 18. Nxb6+ axb6 19. Be3 Nf5 20. Qxg5 Qf7 21. Qg4 Qxf6 22. Rg1 Kb8 23. Bxb6 Rc8 24. Kh1 h5 25. Qg6 Qh4 26. Qg2 Rhg8 27. Qf3 Bxf4 28. Rg2 Rxg2 29. Qxg2 Be5 30. Re1 Qf6 31. Qf3 Rc6 32. Ba5 Nd4 33. Qxf6 Bxf6 34. Bd1 h4 35. Bc3 Kc7 36. Bg4 e5 37. Rd1 Kd6 38. f4 Rc4 39. fxe5+ Bxe5 40. Kg2 Nb5 41. Be1 Rc2+ 42. Kf1 Rxb2 43. Bf3 Nc7 44. Bxh4 Rxa2 45. Bd8 Ra1 46. Rxa1 Bxa1 47. Bxc7+ 1/2-1/2

[Event "Porto Carras op 4th"]
[Site "Porto Carras"]
[Date "2009.07.20"]
[Round "4"]
[White "Mattsson, Michael"]
[Black "Andreou, Andreas"]
[Result "0-1"]
[WhiteElo "2116"]
[BlackElo "2214"]
[PlyCount "62"]
[EventDate "2009.07.18"]
[EventType "swiss"]
[EventRounds "9"]
[EventCountry "GRE"]
[SourceTitle "CBM 131 Extra"]
[Source "ChessBase"]
[SourceDate "2009.09.03"]
[SourceVersion "2"]
[SourceVersionDate "2009.09.16"]
[SourceQuality "1"]

1. e4 c5 2. Nf3 d6 3. d4 cxd4 4. Nxd4 Nf6 5. Nc3 a6 6. Be2 e5 7. Nb3 Be7 8. Qd3 Be6 9. Qg3 0-0 10. Bh6 Ne8 11. h4 Kh8 12. Bg5 Nd7 13. Rd1 Rc8 14. Bg4 Nc5 15. Nxc5 Rxc5 16. Bxe6 fxe6 17. Qg4 Nc7 18. Rd3 b5 19. Rg3 Rf7 20. Qe2 Qe8 21. h5 Bxg5 22. Rxg5 Qc6 23. h6 g6 24. a3 a5 25. Qg4 b4 26. Rxg6 hxg6 27. Qxg6 Qe8 28. h7 bxc3 29. b4 axb4 30. Rh3 Rg7 31. Qf6 Qe7 0-1

[Event "Porto Carras op 4th"]
[Site "Porto Carras"]
[Date "2009.07.19"]
[Round "3"]
[White "Andreou, Andreas"]
[Black "Vakalis, Angelos"]
[Result "1-0"]
[WhiteElo "2214"]
[BlackElo "1597"]
[PlyCount "77"]
[EventDate "2009.07.18"]
[EventType "swiss"]
[EventRounds "9"]
[EventCountry "GRE"]
[SourceTitle "CBM 131 Extra"]
[Source "ChessBase"]
[SourceDate "2009.09.03"]
[SourceVersion "2"]
[SourceVersionDate "2009.09.16"]
[SourceQuality "1"]

1. e4 c5 2. Nf3 e6 3. d3 Nc6 4. g3 a6 5. a4 d5 6. Nbd2 Qa5 7. Bg2 Nf6 8. 0-0 Be7 9. Re1 0-0 10. e5 Nd7 11. Nf1 b5 12. Bd2 b4 13. h4 Qc7 14. Bf4 a5 15. h5 Ba6 16. h6 g6 17. Ne3 Kh8 18. Nxd5 exd5 19. e6 Bd6 20. Bxd6 Qxd6 21. exd7 Qxd7 22. Ne5 Nxe5 23. Rxe5 Bb7 24. Qe2 Bc6 25. b3 Kg8 26. Re1 Qd6 27. Re7 Qf6 28. Qe5 Qxe5 29. R1xe5 Rfd8 30. Rc7 Ra6 31. Bxd5 Bxd5 32. Rxd5 Re8 33. Re5 Rd8 34. Rcxc5 Rda8 35. f4 R6a7 36. Kf2 Ra6 37. Re7 Rf8 38. Rcc7 Raa8 39. Ke3 1-0

[Event "CYP-ch 43rd"]
[Site "Limassol"]
[Date "2008.01.20"]
[Round "2"]
[White "Andreou, Andreas"]
[Black "Florentiades, Michalis"]
[Result "1/2-1/2"]
[WhiteElo "2196"]
[BlackElo "2080"]
[PlyCount "56"]
[EventDate "2008.01.19"]
[EventType "swiss"]
[EventRounds "11"]
[EventCountry "CYP"]
[SourceTitle "EXT 2009"]
[Source "ChessBase"]
[SourceDate "2008.11.26"]
[SourceVersion "1"]
[SourceVersionDate "2008.11.26"]
[SourceQuality "1"]

1. d4 d5 2. c4 dxc4 3. e4 Nf6 4. Nc3 Bg4 5. f3 Bh5 6. Bxc4 e6 7. Be3 c6 8. Qb3 Qb6 9. Nge2 Nbd7 10. g4 Bg6 11. h4 h6 12. h5 Bh7 13. 0-0-0 Be7 14. Rdg1 Qc7 15. Bf4 Qc8 16. g5 hxg5 17. Bxg5 b5 18. Bd3 e5 19. Be3 Bf8 20. Kb1 a5 21. Qc2 a4 22. d5 cxd5 23. Nxb5 Qxc2+ 24. Bxc2 Ra5 25. Nc7+ Kd8 26. Nxd5 Nxd5 27. exd5 Rxd5 28. Bxh7 Rxh7 1/2-1/2

[Event "NCC-chB"]
[Site "Cyprus"]
[Date "2007.12.02"]
[Round "4"]
[White "Andreou, Andreas"]
[Black "Aristotelous, Vassilis"]
[Result "1/2-1/2"]
[WhiteElo "1827"]
[BlackElo "1966"]
[PlyCount "80"]
[EventDate "2007.11.24"]
[EventType "swiss"]
[EventRounds "7"]
[EventCountry "CYP"]
[SourceTitle "EXT 2024"]
[Source "ChessBase"]
[SourceDate "2023.10.10"]
[SourceVersion "1"]
[SourceVersionDate "2023.10.10"]
[SourceQuality "1"]

1. e4 d6 2. d4 Nf6 3. Nc3 g6 4. Be2 Bg7 5. Be3 0-0 6. Qd2 c6 7. Bh6 b5 8. Bxg7 Kxg7 9. f3 Nbd7 10. h4 h5 11. g4 Nb6 12. gxh5 Nxh5 13. 0-0-0 Nc4 14. Bxc4 bxc4 15. Nge2 Rb8 16. Nf4 Rh8 17. Nce2 Qb6 18. Qc3 Qb4 19. Qxb4 Rxb4 20. Nxh5+ Rxh5 21. a3 Rb6 22. Nc3 Bd7 23. d5 c5 24. Ne2 Rh8 25. c3 Ba4 26. Rd2 g5 27. h5 Rh6 28. Ng3 Bd7 29. Rf2 Rf6 30. Ne2 Kh6 31. f4 gxf4 32. Rxf4 Rxf4 33. Nxf4 Bg4 34. Rg1 Kg5 35. Rf1 Rb8 36. Kc2 Re8 37. Rf2 f6 38. Ng2 Kxh5 39. Ne3 Bd7 40. Nxc4 Kg6 1/2-1/2

[Event "NCC-chB"]
[Site "Cyprus"]
[Date "2007.11.24"]
[Round "1"]
[White "Andreou, Panikos"]
[Black "Andreou, Andreas"]
[Result "0-1"]
[WhiteElo "1725"]
[BlackElo "1827"]
[PlyCount "50"]
[EventDate "2007.11.24"]
[EventType "swiss"]
[EventRounds "7"]
[EventCountry "CYP"]
[SourceTitle "EXT 2024"]
[Source "ChessBase"]
[SourceDate "2023.10.10"]
[SourceVersion "1"]
[SourceVersionDate "2023.10.10"]
[SourceQuality "1"]

1. e4 e5 2. Nf3 Nc6 3. d4 exd4 4. Nxd4 Nf6 5. Nxc6 bxc6 6. e5 Nd5 7. Bd3 d6 8. exd6 Bxd6 9. 0-0 Qh4 10. g3 Qh3 11. Re1+ Be6 12. Bf1 Qf5 13. Bg2 0-0 14. a3 Rad8 15. Nd2 Bc5 16. Re2 Qf6 17. Ne4 Qe7 18. Nxc5 Qxc5 19. Qe1 Bg4 20. Rd2 Rfe8 21. Qf1 Re6 22. h3 Rde8 23. hxg4 Re1 24. Qxe1 Rxe1+ 25. Kh2 Qc4 0-1

[Event "Pirgou Sphlios op 2nd"]
[Site "Greece"]
[Date "2007.08.17"]
[Round "3"]
[White "Masouros, Panagiotis"]
[Black "Andreou, Andreas"]
[Result "0-1"]
[WhiteElo "1855"]
[BlackElo "2125"]
[PlyCount "52"]
[EventDate "2007.08.16"]
[EventType "swiss"]
[EventRounds "7"]
[EventCountry "GRE"]
[SourceTitle "EXT 2008"]
[Source "ChessBase"]
[SourceDate "2007.11.25"]
[SourceVersion "1"]
[SourceVersionDate "2007.11.25"]
[SourceQuality "1"]

1. e4 c5 2. Nf3 d6 3. d4 cxd4 4. Nxd4 Nf6 5. Nc3 a6 6. Bg5 e6 7. f4 b5 8. Qf3 Bb7 9. 0-0-0 b4 10. Bxf6 Qxf6 11. Nce2 Nd7 12. Ng3 Rc8 13. f5 e5 14. Nb3 Qd8 15. Kb1 Be7 16. Nh5 0-0 17. g4 g6 18. Ng3 a5 19. Bb5 Nb6 20. Nxa5 Qc7 21. Nxb7 Qxc2+ 22. Ka1 Ra8 23. Rd3 Rxa2+ 24. Kxa2 Ra8+ 25. Ra3 Rxa3+ 26. Qxa3 bxa3 0-1

[Event "Pirgou Sphlios op 2nd"]
[Site "Greece"]
[Date "2007.08.16"]
[Round "2"]
[White "Andreou, Andreas"]
[Black "Pappelis, Dimitrios"]
[Result "1-0"]
[WhiteElo "2125"]
[BlackElo "1570"]
[PlyCount "79"]
[EventDate "2007.08.16"]
[EventType "swiss"]
[EventRounds "7"]
[EventCountry "GRE"]
[SourceTitle "EXT 2008"]
[Source "ChessBase"]
[SourceDate "2007.11.25"]
[SourceVersion "1"]
[SourceVersionDate "2007.11.25"]
[SourceQuality "1"]

1. e4 c5 2. Nf3 Nc6 3. d3 g6 4. g3 Bg7 5. Bg2 d6 6. 0-0 Nf6 7. Re1 0-0 8. a4 Rb8 9. Nbd2 a6 10. e5 dxe5 11. Nxe5 Nxe5 12. Rxe5 Qc7 13. Qe2 e6 14. Nb3 Nd7 15. Re4 e5 16. a5 b5 17. axb6 Nxb6 18. Ra5 Nd7 19. Qe1 f5 20. Rc4 Rb5 21. Be3 f4 22. Bxc5 Nxc5 23. Rxc5 Rxc5 24. Rxc5 Qa7 25. Bd5+ Kh8 26. Qa5 fxg3 27. hxg3 Qd7 28. Qe1 Bb7 29. Bxb7 Qxb7 30. Qe3 Rf5 31. Ra5 h5 32. Ra2 Bf8 33. Nd2 Qc6 34. c3 Bc5 35. Qh6+ Kg8 36. Ne4 Bf8 37. Qe3 Kh7 38. Qa7+ Bg7 39. Rxa6 Qb5 40. Qb6 1-0

[Event "Chania op 10th"]
[Site "Chania"]
[Date "2000.08.05"]
[Round "3"]
[White "Botsari, Anna Maria"]
[Black "Andreou, Andreas"]
[Result "1-0"]
[WhiteElo "2325"]
[BlackElo "2192"]
[PlyCount "68"]
[EventDate "2000.08.03"]
[EventType "swiss"]
[EventRounds "9"]
[EventCountry "GRE"]
[SourceTitle "EXT 2001"]
[Source "ChessBase"]
[SourceDate "2000.11.22"]
[SourceVersion "1"]
[SourceVersionDate "2000.11.22"]
[SourceQuality "1"]

1. d4 g6 2. c4 Bg7 3. Nc3 d6 4. e4 Nf6 5. f3 0-0 6. Bg5 c5 7. d5 e6 8. Qd2 exd5 9. cxd5 h6 10. Be3 Nbd7 11. Nh3 a6 12. a4 Ne5 13. Nf2 h5 14. Be2 b6 15. 0-0 Nh7 16. h3 Re8 17. f4 Nd7 18. Bf3 Ra7 19. Ra3 Ndf8 20. Rb1 f5 21. b4 fxe4 22. Ncxe4 Bf5 23. a5 Bxe4 24. Nxe4 Nf6 25. axb6 Nxe4 26. Bxe4 Rae7 27. bxc5 dxc5 28. b7 Nd7 29. Bxg6 Rxe3 30. Bxe8 Rxe8 31. d6 Bd4+ 32. Kh2 Qf6 33. Rg3+ Kf8 34. Qa2 Qf7 1-0